| 000 | 00528nam a2200145Ia 4500 | ||
|---|---|---|---|
| 008 | 151213s9999 xx 000 0 und d | ||
| 100 | _aঅশরাম ফারুক। | ||
| 245 |
_aসিরাতে ইবনে হিসাম। _cঅশরাম ফারুক। |
||
| 260 |
_aঢাকা _bবাংলাদেশ ইসলামী সেন্টার। _c1988 |
||
| 300 | _a10969 p. | ||
| 650 | _aBangla | ||
| 650 | _aইসলামী বই | ||
| 700 | _aঅশরাম ফারুক। | ||
| 999 |
_c4941 _d4941 |
||